ბათუმის შოთა რუსთაველის სახელმწიფო უნივერსიტეტის ბიბლიოთეკა

სტივ ჯობსი : [კომპანია Apple-ს დამფუძნებელი]ბიზნესის გენია ტ. 1 (ბიბ.ჩანაწერი № 55056)

000 -LEADER
fixed length control field 01296nam a2200241Ia 4500
001 - CONTROL NUMBER
control field 22131
003 - CONTROL NUMBER IDENTIFIER
control field GE_BSU
008 - FIXED-LENGTH DATA ELEMENTS--GENERAL INFORMATION
fixed length control field 181216s||||||||xx |||||||||||||| ||und||
020 ## - INTERNATIONAL STANDARD BOOK NUMBER
International Standard Book Number 9789941213090
040 ## - CATALOGING SOURCE
Transcribing agency GE_BSU
245 ## - TITLE STATEMENT
Title სტივ ჯობსი : [კომპანია Apple-ს დამფუძნებელი]ბიზნესის გენია ტ. 1
245 ## - TITLE STATEMENT
Statement of responsibility, etc. შემდგ. ნათია დოლიძე ; მთ. რედ. ნინო დეკანოსიძე
260 ## - PUBLICATION, DISTRIBUTION, ETC.
Place of publication, distribution, etc. თბილისი
260 ## - PUBLICATION, DISTRIBUTION, ETC.
Name of publisher, distributor, etc. პალიტრაL
260 ## - PUBLICATION, DISTRIBUTION, ETC.
Date of publication, distribution, etc. 2013
300 ## - PHYSICAL DESCRIPTION
Extent 92 გვ; ფოტ; 20 სმ.
653 ## - INDEX TERM--UNCONTROLLED
Uncontrolled term ამერიკელი ბიზნესმენები. კომპიუტერული ტექნოლოგიები. ამერიკელი გამომგონებლები. პერსონალური კომპიუტერები.
653 ## - INDEX TERM--UNCONTROLLED
Uncontrolled term ეკონომიკა
653 ## - INDEX TERM--UNCONTROLLED
Uncontrolled term კომპიუტერული ტექნოლოგიები
653 ## - INDEX TERM--UNCONTROLLED
Uncontrolled term სტივ ჯობსი : [კომპანია Apple-ს დამფუძნებელი]ბიზნესის გენია ტ. 1
942 ## - ADDED ENTRY ELEMENTS (KOHA)
Koha item type წიგნი
ეგზემპლარები
Withdrawn status Lost status Source of classification or shelving scheme Damaged status Not for loan Permanent Location Current Location Shelving location Date acquired Cost, normal purchase price Barcode Date last seen Copy number Price effective from Koha item type Public note
          ბათუმის შოთა რუსთაველის სახელმწიფო უნივერსიტეტის მთავარი ბიბლიოთეკა ბათუმის შოთა რუსთაველის სახელმწიფო უნივერსიტეტის მთავარი ბიბლიოთეკა წიგნსაცავი 2018-12-17 3.75 57089 2018-12-17 57089 2018-12-17 წიგნი 3.75 ₾.